000 00815nam a2200241 i 4500
001 41597
003 ES-MaACL
005 20230906160448.0
007 t|
008 030311s1987 fr ||||1| fre d
020 _a2-01-012372-7
100 1 _aCassirer, Ernst.
_936365
245 1 3 _aLe problème Jean-Jacques Rousseau /
_cErnst Cassirer ; traduit de l'allemand par Marc B. de Launay ; preface de Jean Starobinski.
260 _a[Paris] :
_bHachette,
_c[1987]
300 _aXIX, 135 p. ;
_c18 cm.
490 1 _aTextes du XXe siecle
600 1 4 _aRousseau, Jean-Jacques-
_xCrítica e interpretación.
_9100059
700 1 _aLaunay, Marc B. de.
_970604
700 1 _aStarobinski, Jean.
_9107937
830 0 _aTextes du XXe siecle
_9181907
852 _aES-MaACL
_jL-11729
_bR.113718
999 _c41597
_d41597